Research methods in psychology. (4th ed.) (Record no. 80164)
[ view plain ]
| 000 -LEADER | |
|---|---|
| fixed length control field | 00969nam a2200229 a 4500 |
| 008 - FIXED-LENGTH DATA ELEMENTS--GENERAL INFORMATION | |
| fixed length control field | 150519s2012 ||||||||||||||||| || u |
| 020 ## - INTERNATIONAL STANDARD BOOK NUMBER | |
| International Standard Book Number | 9780857022646 |
| 050 ## - LIBRARY OF CONGRESS CALL NUMBER | |
| Classification number | BF 76.5 Res |
| 100 ## - MAIN ENTRY--PERSONAL NAME | |
| Personal name | Wright, Daniel B |
| 245 10 - TITLE STATEMENT | |
| Title | Research methods in psychology. (4th ed.) |
| Statement of responsibility, etc. | edited by Glynis M. Breakwell, Jonathan A. Smith and Daniel B. Wright |
| 250 ## - EDITION STATEMENT | |
| Edition statement | 4th ed. |
| 260 ## - PUBLICATION, DISTRIBUTION, ETC. | |
| Place of publication, distribution, etc. | Los Angeles: |
| Name of publisher, distributor, etc. | SAGE Publications |
| Date of publication, distribution, etc. | 2012 |
| 300 ## - PHYSICAL DESCRIPTION | |
| Extent | xii, 602p. :ill. |
| 350 ## - | |
| -- | 57.00 |
| 650 #3 - SUBJECT ADDED ENTRY--TOPICAL TERM | |
| Topical term or geographic name entry element | PSYCHOLOGY |
| 650 ## - SUBJECT ADDED ENTRY--TOPICAL TERM | |
| Topical term or geographic name entry element | PSYCHOLOGY--METHODOLOGY |
| 650 ## - SUBJECT ADDED ENTRY--TOPICAL TERM | |
| Topical term or geographic name entry element | PSYCHOLOGY--RESEARCH |
| 700 ## - ADDED ENTRY--PERSONAL NAME | |
| Personal name | Breakwell, Glynis M |
| 700 ## - ADDED ENTRY--PERSONAL NAME | |
| Personal name | Smith, Jonathan A |
| 995 ## - | |
| -- | MAIN LIBRARY OPEN ACCESS |
| -- | 745457 |
| -- | CBU-MAIN LIBRARY (Kitwe) |
| -- | 57.00 |
| -- | BF 76.5 Res |
| -- | 1 |
| -- | AVAILABLE |
| -- | Sep 3, 2015 |
| -- | 745457 |
| -- | Main Library Open Access Collection |
| 995 ## - | |
| -- | MAIN LIBRARY OPEN ACCESS |
| -- | 745484 |
| -- | CBU-MAIN LIBRARY (Kitwe) |
| -- | 57.00 |
| -- | BF 76.5 Res |
| -- | 2 |
| -- | AVAILABLE |
| -- | Sep 3, 2015 |
| -- | 745484 |
| -- | Main Library Open Access Collection |
| 999 ## - | |
| -- | 80164 |
| -- | 80164 |
| Withdrawn status | Lost status | Source of classification or shelving scheme | Damaged status | Not for loan | Permanent Location | Current Location | Shelving location | Date acquired | Total Checkouts | Full call number | Barcode | Date last seen | Copy number | Price effective from | Koha item type |
|---|---|---|---|---|---|---|---|---|---|---|---|---|---|---|---|
| CBU-MAIN LIBRARY, KITWE. | CBU-MAIN LIBRARY, KITWE. | 06/29/2023 | BF 76.5 Res | 745457 | 06/29/2023 | 1 | 06/29/2023 | MONOGRAPH | |||||||
| CBU-MAIN LIBRARY, KITWE. | CBU-MAIN LIBRARY, KITWE. | 06/29/2023 | BF 76.5 Res | 745484 | 06/29/2023 | 2 | 06/29/2023 | MONOGRAPH |